| 000 | 00736nam a2200253Ia 4500 | ||
|---|---|---|---|
| 001 | dia_2796 | ||
| 003 | CHAP | ||
| 005 | 20251023163518.0 | ||
| 008 | 220117s1989 xx 000 0 und d | ||
| 010 | _a173296 | ||
| 040 | _cCHAP | ||
| 082 | _a664.118 G4 | ||
| 100 |
_aGeplacea _9153519 |
||
| 245 |
_aLa Melaza como Recurso Alimenticio para Producción Animal / _c por Geplacea |
||
| 260 |
_aMéxico, Geplacea _c1989 |
||
| 300 | _a340P. | ||
| 410 | _aSERIE DIVERSIFICACION | ||
| 650 |
_aAlimentos y alimentación de ganado _9152194 |
||
| 650 |
_aCaña de azúcar subproductos _9153520 |
||
| 901 | _a664.118 G4 | ||
| 902 | _aM | ||
| 905 | _a0000001989 MEX 0000000000ESP00 | ||
| 942 |
_cLIBRO _2ddc |
||
| 999 |
_c173296 _d173296 |
||